African journal of reproductive health (Record no. 38051)

MARC details
000 -LEADER
fixed length control field 00552nam a2200169Ia 4500
022 ## - INTERNATIONAL STANDARD SERIAL NUMBER
ISSN 11184841
050 ## - CALL MARK
Classification number RG 1 .A37/
245 #0 - TITLE STATEMENT
Title African journal of reproductive health
260 ## - PUBLICATION, DISTRIBUTION, ETC. (IMPRINT)
Place of publication Benin city, Nigeria
260 ## - PUBLICATION, DISTRIBUTION, ETC. (IMPRINT)
Name of publisher A Publication of the Office of the Executive Secretary
260 ## - PUBLICATION, DISTRIBUTION, ETC. (IMPRINT)
Year of publication 2018
300 ## - PHYSICAL DESCRIPTION
Number of Pages 127 p. :ill. ; 29 cm.
650 ## - SUBJECT ADDED ENTRY--TOPICAL TERM
Topical Term Gynecology--Periodicals. Women--Health and hygiene--Africa--Periodicals. Gynecology--Africa--Periodicals.
942 ## - ADDED ENTRY ELEMENTS (KOHA)
Koha item type Serials

No items available.